| 000 | 00513nam a2200157 4500 | ||
|---|---|---|---|
| 001 | 131123 | ||
| 003 | ES-MaACL | ||
| 007 | t| | ||
| 008 | 070214s1905 fr r ||||1| fre d | ||
| 100 | 1 |
_aRoberty, Eugène de. _997861 |
|
| 245 | 1 | 0 |
_aNouveau programme de Sociologie _b: esquisse d'une introduction générale a l'étude des sciences du monde surorganique / _cpar Eugène de Roberty. |
| 250 | _a2e éd. | ||
| 260 |
_aParis : _bFélix Alcan, _c1905. |
||
| 300 |
_a268 p. ; _c23 cm. |
||
| 852 |
_aES-MaACL _jB-7073 |
||
| 999 |
_c131123 _d131123 |
||